000 00561nam a22000977a 4500
008 110510t xxu||||| |||| 00| 0 eng d
245 _aSupreme Court Civil Appeal No. 02 of 2007 Kampala District Land Board & George Mitala vs Venansio Babweyaka & ors
260 _c2007
500 _aCoram: Odoki,CJ; Tsekooko, Mulenga, Kanyeihamba; Katurebe; JJSC
500 _aAppeal arising from the judgment, decisions and orders of the Court of Appeal at Kampala (Mukasa-Kikonyogo DCJ, Mpagi-Bahigeiene and Kitumba, JJ.A) in Civil Appeal No. 57 of 2005 dated 21st December 2006
999 _c1710
_d1710